Gua̕ prc̀tica laboral y de seguridad social 2019

Bibliographic Details
Main Author: Přez Chv̀ez, Još
Other Authors: Fol Olgun̕, Raymundo
Format: eBook
Language:Spanish
Published: Ciudad de Mx̌ico: Tax Editores, 2019
Subjects:
Online Access:Acceso restringido

MARC

LEADER 00000nam a22000007a 4500
005 20190515005328.0
007 cr|||| ||||
008 190515s2019 mx |||||s|||| 00||0 spa d
020 |a 978-607-629-375-1 
035 |a 23401 
040 |a vLex 
090 |c 8705  |d 8705 
100 1 |a Přez Chv̀ez, Još 
245 1 0 |a Gua̕ prc̀tica laboral y de seguridad social 2019  |h [Recurso electrn̤ico] /  |c Jos ̌Přez Chv̀ez, Raymundo Fol Olgun̕ 
256 |a Servicio en ln̕ea 
260 |a Ciudad de Mx̌ico:  |b Tax Editores,  |c 2019 
300 |a 1 recurso electrn̤ico 
500 |a Los profundos cambios que se estǹ produciendo en el mundo, especialmente en el mercado laboral, han dado lugar a nuevas formas de contratacin̤ que no siempre se ajustan a los parm̀etros que implica una relacin̤ de trabajo. Ante ello, la legislacin̤ laboral regula las nuevas modalidades de contratacin̤, tales como los periodos de prueba, los contratos de capacitacin̤ inicial y de temporada. Para una mejor comprensin̤ del tema, en esta edicin̤ se incluyen los formatos de contratos individuales de trabajo por obra determinada y por temporada. De igual manera, se analiza la diferencia entre finiquito y liquidacin̤, incluyendo los formatos correspondientes, sin olvidar el convenio de terminacin̤ de las relaciones laborales. Con respecto a las condiciones generales de trabajo, se analizan las formalidades de la relacin̤ laboral, los descansos semanal y obligatorio, vacaciones, aguinaldo, el salario y las normas protectoras, as ̕como la participacin̤ de los trabajadores en las utilidades de las empresas (PTU). Estos, y otros temas, han motivado la creacin̤ de la presente Gua̕ prc̀tica laboral y de seguridad social, la cual ser,̀ sin duda, de gran ayuda para el estudiante y todos los interesados en el correcto aprendizaje de las relaciones obrero-patronales. Pues incluye los temas referentes a las relaciones individuales de trabajo y su impacto en la seguridad social, desde la determinacin̤ del salario base de cotizacin̤ ante el IMSS y el Infonavit, hasta el entero de las cuotas obrero-patronales. Adicionalmente, se incluye el anl̀isis del estm̕ulo fiscal en el pago de cuotas obrero-patronales al IMSS, con el props̤ito de incentivar entre los contribuyentes la adhesin̤ al rǧimen de incorporacin̤ fiscal (RIF). 
506 1 |a Disponible solo en los productos indicados  |d vLex Global  |d vLex Global (Academic Edition, excluding Law Schools)  |d vLex Global (U.S. Academic Edition, Law Schools)  |d vLex Global (U.S. Academic Edition, excluding Law Schools)  |d vLex Global (Academic Edition, Law Schools) 
650 0 4 |a Derecho Laboral y Seguridad Social  |z Mx̌ico 
650 0 4 |a Seguridad Social  |z Mx̌ico 
700 1 |a Fol Olgun̕, Raymundo 
740 0 |a vLex Libros (Servicio en ln̕ea) 
856 4 0 |u http://vlex.com/source/guia-practica-laboral-y-de-seguridad-social-2019-23401  |z Acceso restringido 
942 |c BOOK 
999 0 |a Labor Law and Social Security 
999 0 |a Social Security